<?xml version="1.0" encoding="UTF-8"?>
<collection xmlns="http://www.loc.gov/MARC21/slim">
    <record>
        <controlfield tag="001">13485</controlfield>
        <controlfield tag="005">20170831220606.0</controlfield>
        <datafield tag="037" ind1=" " ind2=" ">
            <subfield code="a">TAZ-TFM-2014-033</subfield>
        </datafield>
        <datafield tag="041" ind1=" " ind2=" ">
            <subfield code="a">spa</subfield>
        </datafield>
        <datafield tag="100" ind1="1" ind2=" ">
            <subfield code="a">San Gil Castro, Juan Martín</subfield>
        </datafield>
        <datafield tag="245" ind1="0" ind2="0">
            <subfield code="a">Efectos de diferentes sustratos en el índice de esbeltez de plantones de dos savias de Pinus halepensis Miller</subfield>
        </datafield>
        <datafield tag="260" ind1=" " ind2=" ">
            <subfield code="a">Zaragoza</subfield>
            <subfield code="b">Universidad de Zaragoza</subfield>
            <subfield code="c">2014</subfield>
        </datafield>
        <datafield tag="506" ind1=" " ind2=" ">
            <subfield code="a">by-nc-sa</subfield>
            <subfield code="b">Creative Commons</subfield>
            <subfield code="c">3.0</subfield>
            <subfield code="u">http://creativecommons.org/licenses/by-nc-sa/3.0/</subfield>
        </datafield>
        <datafield tag="520" ind1=" " ind2=" ">
            <subfield code="a">El proceso de repoblación forestal es complejo debido a que una repoblación exitosa requiere el conocimiento de las características de rendimiento fisiológico y desarrollo morfológico de las especies utilizadas. En este ensayo se analiza el efecto combinado de la calidad de planta y el procedimiento de preparación de sustratos en la producción de planta de Pinus halepensis Mill.  Se comparan los sustratos de uso común implantados en el mercado. Los tratamientos utilizados fueron elaborados en una proporción 10% con un componente orgánico (turba Sphagnum) y otro inorgánico (vermiculita y perlita). Tras 18 meses de cultivo en vivero, las plantas se caracterizaron mediante atributos morfológicos (altura, diámetro, peso seco de la parte aérea y peso seco de la raíz). Además, se evaluaron cuatro índices para determinar la calidad de la planta (índice de esbeltez, índice de tallo-raíz, índice de calidad de Schmidt-Vogt e índice de calidad de Dickson). No se han encontrado diferencias significativas en los atributos morfológicos entre los tratamientos, pero se han encontrado diferencias de índice de esbeltez, siendo explicada significativamente por el aumento de materia orgánica en un sustrato. El sustrato con turba Sphagnum mostró mejor comportamiento para el índice de esbeltez.</subfield>
        </datafield>
        <datafield tag="521" ind1=" " ind2=" ">
            <subfield code="a">Máster Universitario en Iniciación a la Investigación en Ciencias Agrarias y del Medio Natural</subfield>
        </datafield>
        <datafield tag="540" ind1=" " ind2=" ">
            <subfield code="a">Derechos regulados por licencia Creative Commons</subfield>
        </datafield>
        <datafield tag="653" ind1="1" ind2=" ">
            <subfield code="a">calidad de planta</subfield>
        </datafield>
        <datafield tag="653" ind1="1" ind2=" ">
            <subfield code="a">atributos morfológicos</subfield>
        </datafield>
        <datafield tag="653" ind1="1" ind2=" ">
            <subfield code="a">repoblación forestal</subfield>
        </datafield>
        <datafield tag="653" ind1="1" ind2=" ">
            <subfield code="a">vermiculita</subfield>
        </datafield>
        <datafield tag="653" ind1="1" ind2=" ">
            <subfield code="a">perlita</subfield>
        </datafield>
        <datafield tag="700" ind1=" " ind2=" ">
            <subfield code="a">Aibar Lete, Joaquín</subfield>
            <subfield code="e">dir.</subfield>
        </datafield>
        <datafield tag="710" ind1="2" ind2=" ">
            <subfield code="a">Universidad de Zaragoza</subfield>
            <subfield code="b">Ciencias Agrarias y del Medio Natural</subfield>
            <subfield code="c">Producción Vegetal</subfield>
        </datafield>
        <datafield tag="856" ind1="0" ind2=" ">
            <subfield code="f">687868@celes.unizar.es</subfield>
        </datafield>
        <datafield tag="856" ind1="4" ind2=" ">
            <subfield code="s">2070256</subfield>
            <subfield code="u">http://zaguan.unizar.es/record/13485/files/TAZ-TFM-2014-033.pdf</subfield>
            <subfield code="y">Memoria (spa)</subfield>
        </datafield>
        <datafield tag="909" ind1="C" ind2="O">
            <subfield code="o">oai:zaguan.unizar.es:13485</subfield>
            <subfield code="p">driver</subfield>
            <subfield code="p">trabajos-fin-master</subfield>
        </datafield>
        <datafield tag="950" ind1=" " ind2=" ">
            <subfield code="a"></subfield>
        </datafield>
        <datafield tag="980" ind1=" " ind2=" ">
            <subfield code="a">TAZ</subfield>
            <subfield code="b">TFM</subfield>
            <subfield code="c">EPSHUES</subfield>
        </datafield>
    </record>

    
</collection>